00577nam a2200181 i 450000100060000000300090000600500170001500700030003200800410003508000150007610000280009124500580011926000320017730000280020985200210023799900170025895201200027530742ES-MaACL20230906154239.0t|030127s1921 xxk ||||1| eng d a262.13(09)1 aBell, Mary J. M.92717910aA short history of the Papacy / cby Mary J. M. Bell. aLondon : bMethuen, c1921. aXIII, 390 p. ; c22 cm. aES-MaACLjA-3502 c30742d30742 00104070aATENEOMbATENEOMcSPP1d2008-01-17eSCl0oA-3502p1031754r2023-02-23 00:00:00w2023-02-23yMONOGRAFIA